000 00707cam a22002651 4500
001 747668
003 OSt
005 20140310184451.0
008 850816s1948 nyua j 000 1 eng
010 _a 48004955
020 _a9780590409230
040 _aDLC
_cDLC
_dDLC
042 _alcac
050 0 0 _aPZ 7
_b.M1336Bl 1948
100 1 _aMcCloskey, Robert,
_d1914-2003.
_928052
245 1 0 _aBlueberries for Sal /
_cRobert McCloskey.
260 _aNew York,
_bViking Press,
_c1948.
300 _a54 p. :
_bill. ;
_c19 cm.
521 _aG6
526 _c890
650 1 _aPicture books.
_928053
906 _a7
_bcbc
_corignew
_du
_eocip
_f19
_gy-gencatlg
942 _2lcc
_cBK-SCHOLAS
999 _c34583
_d34583